=LDR 00000nam 2200000 4500 =001 NUTBA000000000003773 =005 20140827083600.0 =006 =007 =008 =020 ##$$a 978-602-7602-38-0 =035 ##$$a 0010-081400000000618 =040 ##$$a NBPDMAT =082 ##$$a 033.88 =084 ##$$a 033.88 Ul b =090 ##$$a 033.88 Ul b =100 ##$$a Ulfah Khaerani =245 ##$$a Bunga Sakti / $c Ulfah Khaerani ; editor, Abdul Latief =260 ##$$a Jakarta : $b Dunia Sehat, $c 2013 =300 ##$$a vii 145 hlm. : $b ilus. ; $c 24 cm. =650 ##$$a Tanaman Obat =700 ##$$a Abdul Latief =990 ##$$a 21408717 =990 ##$$a 0001/BPAP-NTB/20142014 =990 ##$$a 0001/BPAP-NTB/20142014 =990 ##$$a 0001/BPAP-NTB/20142014 =990 ##$$a 0001/BPAP-NTB/20142014 =990 ##$$a 0001/BPAP-NTB/20142014